FAMILY AND COMMUNITY (Record no. 17582)
[ view plain ]
| 000 -LEADER | |
|---|---|
| fixed length control field | 00254nam a22001217a 4500 |
| 003 - CONTROL NUMBER IDENTIFIER | |
| control field | SGT |
| 082 ## - DEWEY DECIMAL CLASSIFICATION NUMBER | |
| Classification number | 370 |
| Item number | CHH |
| 100 ## - MAIN ENTRY--PERSONAL NAME | |
| Personal name | CHHABRA, NIRMAL |
| 245 ## - TITLE STATEMENT | |
| Title | FAMILY AND COMMUNITY |
| 260 ## - PUBLICATION, DISTRIBUTION, ETC. (IMPRINT) | |
| Place of publication, distribution, etc | DELHI |
| Name of publisher, distributor, etc | RI PUB. |
| Year of Publication | 2019 |
| 300 ## - PAGE DESCRIPTION | |
| No. of Pages | 314 |
| 942 ## - ADDED ENTRY ELEMENTS (KOHA) | |
| Source of classification or shelving scheme | Dewey Decimal Classification |
| Koha item type | Books |
| 942 ## - ADDED ENTRY ELEMENTS (KOHA) | |
| -- | 21 |
| Withdrawn status | Lost status | Source of classification or shelving scheme | Damaged status | Not for loan | Collection code | Home library | Current library | Date acquired | SGTU | Total Checkouts | Full call number | Accession No. (Barcode) | Date last seen | Date last borrowed | Bill Date | Koha item type | Total Renewals |
|---|---|---|---|---|---|---|---|---|---|---|---|---|---|---|---|---|---|
| Dewey Decimal Classification | EDUCATION | SGT Engineering Library | SGT Engineering Library | 16/04/2019 | SGTU | 4 | 370 CHH | ED3621 | 21/09/2023 | 13/09/2023 | 16/04/2019 | Books | |||||
| Dewey Decimal Classification | EDUCATION | SGT Engineering Library | SGT Engineering Library | 16/04/2019 | SGTU | 4 | 370 CHH | ED3622 | 18/04/2024 | 18/04/2024 | 16/04/2019 | Books | |||||
| Dewey Decimal Classification | EDUCATION | SGT Engineering Library | SGT Engineering Library | 16/04/2019 | SGTU | 2 | 370 CHH | ED3623 | 30/11/2021 | 13/11/2021 | 16/04/2019 | Books | |||||
| Dewey Decimal Classification | EDUCATION | SGT Engineering Library | SGT Engineering Library | 16/04/2019 | SGTU | 10 | 370 CHH | ED3624 | 05/08/2023 | 21/07/2023 | 16/04/2019 | Books | |||||
| Dewey Decimal Classification | EDUCATION | SGT Engineering Library | SGT Engineering Library | 16/04/2019 | SGTU | 1 | 370 CHH | ED3625 | 21/02/2022 | 23/12/2021 | 16/04/2019 | Books | 1 |